ポケモンシリーズの町 - Statistics

General Stats
  • This quiz has been taken 217 times
    215 since last reset
  • The average score is 29 of 123
Answer Stats
Hint Answer % Correct
カントー地方 マサラタウン
89%
ニビシティ
65%
シオンタウン
63%
トキワシティ
52%
ハナダシティ
50%
グレンタウン
50%
タマムシシティ
47%
ミアレシティ
46%
ヤマブキシティ
45%
ルネシティ
43%
コトブキシティ
43%
ホドモエシティ
42%
クチバシティ
41%
ジョウト地方 ワカバタウン
41%
キキョウシティ
41%
コガネシティ
41%
ムロタウン
40%
ヒウンシティ
40%
フエンタウン
39%
カイナシティ
38%
キッサキシティ
38%
ライモンシティ
38%
ミナモシティ
37%
サイユウシティ
37%
エンジュシティ
36%
キンセツシティ
36%
ブラックシティ
36%
セキチクシティ
35%
トウカシティ
35%
カナズミシティ
35%
ミオシティ
35%
ホウエン地方 ミシロタウン
34%
ヒワマキシティ
34%
トクサネシティ
34%
シンオウ地方 フタバタウン
34%
クロガネシティ
34%
シンオウ地方(続き) ハクタイシティ
34%
ナギサシティ
34%
トバリシティ
33%
ノモセシティ
31%
カンナギタウン
31%
タンバシティ
30%
ヨスガシティ
30%
セイガイハシティ
29%
アサギシティ
28%
ソウリュウシティ
28%
ヒワダタウン
27%
キナギタウン
27%
マサゴタウン
27%
ズイタウン
27%
ヨシノシティ
26%
ソノオタウン
26%
フキヨセシティ
26%
ホワイトフォレスト
26%
ハジツゲタウン
25%
チョウジタウン
24%
シダケタウン
24%
シッポウシティ
24%
コトキタウン
23%
サザナミタウン
23%
フスベシティ
22%
セッカシティ
22%
サンヨウシティ
21%
ファイトエリア
20%
イッシュ地方 カノコタウン
20%
リゾートエリア
18%
ヒオウギシティ
18%
シュートシティ
18%
カゴメタウン
17%
エンジンシティ
17%
タチワキシティ
16%
エイセツシティ
16%
テーブルシティ
16%
サバイバルエリア
15%
カラクサタウン
15%
カロス地方 アサメタウン
15%
ハクダンシティ
15%
サンギタウン
14%
ショウヨウシティ
14%
ポータウン
14%
ハッコウシティ
14%
シャラシティ
13%
ヒャッコクシティ
13%
ハウオリシティ
13%
カナワタウン
11%
メイスイタウン
11%
コボクタウン
11%
レンリタウン
11%
パルデア地方 コサジタウン
11%
カロス地方(続き) ヒヨクシティ
10%
クノエシティ
10%
キナンシティ
10%
マリエシティ
10%
ブラッシータウン
10%
ナックルシティ
10%
スパイクタウン
10%
チャンプルタウン
10%
ヤマジタウン
9%
セキタイタウン
9%
キタカミの里 スイリョクタウン
9%
オハナタウン
8%
うみのたみのむら
8%
ガラル地方 ハロンタウン
8%
バウタウン
8%
ベイクタウン
8%
アローラ地方 リリィタウン
7%
アラベスクタウン
7%
ボウルタウン
7%
マリナードタウン
7%
フウジョタウン
6%
カンタイシティ
6%
コニコシティ
6%
ターフタウン
6%
コウジンタウン
5%
ピケタウン
5%
フリッジタウン
5%
カプのむら
4%
ラテラルタウン
4%
キルクスタウン
4%
セルクルタウン
4%
カラフシティ
4%
フリーズむら
3%
プラトタウン
3%
No matching quizzes found
Score Distribution
Percent of People with Each Score
Percentile by Number Answered
Your Score History
You have not taken this quiz since the last reset